000 00512nam a2200157Ia 4500
008 081213s9999 xx 000 0 und d
050 _aHV701
_b.C45 1977
245 _aLes carnates de l'enfance
246 _aASSIGNMENT CHILDREN
260 _c1977
_aGeneva
_bUNICEF
300 _a125 p. ;
_c22cm
440 _aUnicef quaterly-review
650 _aChild welfare
_2peridicals
942 _cBK
_2lcc
999 _c22608
_d22608